| 000 | 00442nam a22001457a 4500 | ||
|---|---|---|---|
| 020 | _a0-590-43641-4 | ||
| 082 |
_a823 _bMAR/K |
||
| 100 | _aANN M MARTIN | ||
| 245 | _aBABYSITTERS LITTLE SISTER # 19 | ||
| 260 |
_aUSA _bSCHOLASTICS _c1991 |
||
| 300 | _a98 | ||
| 520 | _aAMANDA'S FAMILY IS MOVING AWAY. HANNIE THINKS THIS FUNNY. BUT KAREN IS SO SAD. HOW CAN SHE SAY GOOD-BYE TO ONE OF HER BEST FRIENDS? | ||
| 650 | _aKAREN'S GOOD-BYE | ||
| 942 | _cBK | ||
| 999 |
_c476 _d476 |
||